आसामच्या लोककथा. (Record no. 1349000)

MARC details
000 -LEADER
fixed length control field 00594nam a2200181Ia 4500
008 - FIXED-LENGTH DATA ELEMENTS--GENERAL INFORMATION
fixed length control field 151202s9999||||xx |||||||||||||| ||und||
082 ## - DEWEY DECIMAL CLASSIFICATION NUMBER
Item number PNVM-84148
100 ## - MAIN ENTRY--PERSONAL NAME
Personal name भागवत दुर्गा.
245 ## - TITLE STATEMENT
Title आसामच्या लोककथा.
260 ## - PUBLICATION, DISTRIBUTION, ETC. (IMPRINT)
Name of publisher, distributor, etc सरीता प्रकाशन.
260 ## - PUBLICATION, DISTRIBUTION, ETC. (IMPRINT)
Date of publication, distribution, etc 2014
300 ## - PHYSICAL DESCRIPTION
Extent 48
600 ## - SUBJECT ADDED ENTRY--PERSONAL NAME
Personal name भागवत दुर्गा.
630 ## - SUBJECT ADDED ENTRY--UNIFORM TITLE
Uniform title आसामच्या लोककथा.
700 ## - ADDED ENTRY--PERSONAL NAME
Personal name भागवत दुर्गा.
730 ## - ADDED ENTRY--UNIFORM TITLE
Uniform title आसामच्या लोककथा.
942 ## - ADDED ENTRY ELEMENTS (KOHA)
Koha item type Book
Holdings
Withdrawn status Lost status Damaged status Not for loan Home library Current library Date acquired Cost, normal purchase price Total Checkouts Full call number Barcode Date last seen Cost, replacement price Price effective from Koha item type
        Pune Nagar Vachan Mandir, Pune Pune Nagar Vachan Mandir, Pune 08/06/2015 40.00   PNVM-84148 PNVM-84148 12/02/2015 40.00 12/02/2015 Book